[Event "St Veit op 43rd"]
[Site "St Veit"]
[Date "2024.07.12"]
[Round "8"]
[White "Wegerer, Fred"]
[Black "Bruhn, Peter"]
[Result "1-0"]
[WhiteElo "2117"]
[BlackElo "1933"]
[PlyCount "65"]
[EventDate "2024.07.06"]
[EventType "swiss"]
[EventRounds "9"]
[EventCountry "AUT"]
[SourceTitle "CBM 221 Extra"]
[Source "ChessBase"]
[SourceDate "2024.09.30"]
[SourceVersion "1"]
[SourceVersionDate "2024.09.30"]
[SourceQuality "1"]

1. Nf3 Nf6 2. d4 g6 3. c3 Bg7 4. Bf4 d6 5. h3 0-0 6. e3 c5 7. Be2 Nc6 8. 0-0 Re8 9. Bh2 Qb6 10. Qb3 Qxb3 11. axb3 cxd4 12. exd4 e5 13. dxe5 Nxe5 14. Nxe5 dxe5 15. Na3 a6 16. Nc4 Be6 17. b4 Nd5 18. Nd6 Re7 19. Rfd1 f5 20. Nc4 Bf7 21. b5 Rc8 22. Nd6 Rc5 23. bxa6 bxa6 24. Nxf7 Kxf7 25. Bxa6 Ke6 26. Kf1 Rec7 27. Ke1 Bh6 28. h4 R5c6 29. Ra5 Rc5 30. Ra4 R5c6 31. Bb5 Rc5 32. c4 Nb6 33. Ra6 1-0

[Event "St Veit op 43rd"]
[Site "St Veit"]
[Date "2024.07.07"]
[Round "2"]
[White "Bruhn, Peter"]
[Black "Caruso, Augusto"]
[Result "0-1"]
[WhiteElo "1933"]
[BlackElo "2189"]
[PlyCount "44"]
[EventDate "2024.07.06"]
[EventType "swiss"]
[EventRounds "9"]
[EventCountry "AUT"]
[SourceTitle "CBM 221 Extra"]
[Source "ChessBase"]
[SourceDate "2024.09.30"]
[SourceVersion "1"]
[SourceVersionDate "2024.09.30"]
[SourceQuality "1"]

1. e4 e5 2. Nc3 Nf6 3. g3 d5 4. exd5 Nxd5 5. Bg2 Nxc3 6. bxc3 Bc5 7. d3 0-0 8. Nf3 Nc6 9. 0-0 Bg4 10. h3 Bh5 11. Be3 Bxe3 12. fxe3 e4 13. dxe4 Bxf3 14. Rxf3 g6 15. Qxd8 Raxd8 16. Rb1 Ne5 17. Rf2 b6 18. Bf1 Rd6 19. c4 c5 20. a4 Rfd8 21. c3 Rd1 22. Rfb2 Nxc4 0-1

[Event "St Veit op 42nd"]
[Site "St Veit"]
[Date "2023.07.11"]
[Round "5"]
[White "Hechl, Fabian"]
[Black "Bruhn, Peter"]
[Result "1-0"]
[WhiteElo "2032"]
[BlackElo "1840"]
[PlyCount "93"]
[EventDate "2023.07.08"]
[EventType "swiss"]
[EventRounds "9"]
[EventCountry "AUT"]
[SourceTitle "CBM 215 Extra"]
[Source "ChessBase"]
[SourceDate "2023.09.30"]
[SourceVersion "1"]
[SourceVersionDate "2023.09.30"]
[SourceQuality "1"]

1. e4 Nc6 2. Nf3 g6 3. d4 d6 4. Bc4 Bg7 5. 0-0 Nf6 6. Nc3 0-0 7. h3 a6 8. a4 e5 9. dxe5 dxe5 10. Qxd8 Rxd8 11. Bg5 Be6 12. Nd5 Bxd5 13. exd5 Ne7 14. Nxe5 Nexd5 15. Rad1 c6 16. Ng4 Re8 17. Rfe1 Nxg4 18. hxg4 h6 19. Bc1 Nb6 20. Bb3 Rxe1+ 21. Rxe1 Rd8 22. Be3 Nd5 23. Rd1 Rd7 24. c3 Nf6 25. g5 Rxd1+ 26. Bxd1 Nd5 27. Bd2 h5 28. c4 Nc7 29. b4 Bd4 30. Kf1 Kf8 31. Ke2 Ke7 32. f4 b6 33. Kd3 c5 34. Bf3 Ke6 35. Bc6 Kd6 36. Bb7 Bf2 37. a5 bxa5 38. bxc5+ Kxc5 39. Bxa5 Ne6 40. Bd2 a5 41. Bd5 a4 42. f5 Nd4 43. Bxf7 Nxf5 44. Bxg6 Nh4 45. Be4 Kd6 46. g6 Ke7 47. g7 1-0

[Event "St Veit op 42nd"]
[Site "St Veit"]
[Date "2023.07.09"]
[Round "3"]
[White "Lauda, Alexandr"]
[Black "Bruhn, Peter"]
[Result "0-1"]
[WhiteElo "2108"]
[BlackElo "1840"]
[PlyCount "120"]
[EventDate "2023.07.08"]
[EventType "swiss"]
[EventRounds "9"]
[EventCountry "AUT"]
[SourceTitle "CBM 215 Extra"]
[Source "ChessBase"]
[SourceDate "2023.09.30"]
[SourceVersion "1"]
[SourceVersionDate "2023.09.30"]
[SourceQuality "1"]

1. e4 g6 2. d4 Bg7 3. Nc3 d6 4. h3 a6 5. a4 Nc6 6. d5 Nb4 7. g4 e6 8. Bg2 exd5 9. exd5 h5 10. Na2 Nxa2 11. Rxa2 hxg4 12. hxg4 Rxh1 13. Bxh1 Qh4 14. Bf3 Nf6 15. Qe2+ Kf8 16. g5 Ng4 17. Bg2 Bd4 18. Nh3 Bf5 19. c3 Bxf2+ 20. Nxf2 Re8 21. Qxe8+ Kxe8 22. b4 Qg3 23. Re2+ Kd7 24. Kf1 Nxf2 25. Rxf2 Qxc3 26. Bd2 Qa1+ 27. Ke2 Qxa4 28. Rf4 Qb5+ 29. Kf2 Qd3 30. Be3 c5 31. dxc6+ bxc6 32. Bf1 Qc2+ 33. Kg3 Qb3 34. Kf2 a5 35. bxa5 Qa2+ 36. Kf3 Qxa5 37. Rd4 d5 38. Kf2 Ke6 39. Bg2 Qc3 40. Bf3 Ke5 41. Rh4 c5 42. Be2 Qc2 43. Bf4+ Ke6 44. Rh2 Bg4 45. Kf1 Qf5 46. Rf2 Bxe2+ 47. Kxe2 Qe4+ 48. Kd1 Qd4+ 49. Ke1 c4 50. Re2+ Kf5 51. Be3 Qc3+ 52. Kf2 d4 53. Bd2 Qh3 54. Kg1 c3 55. Rf2+ Ke6 56. Rf6+ Ke7 57. Bf4 c2 58. Bd6+ Ke8 59. Bf4 Qg4+ 60. Kh1 Qxf4 0-1